Aux sources de la connaissance : (Record no. 37853)

MARC details
000 -LEADER
fixed length control field 00731cam a22002411a 4500
001 - CONTROL NUMBER
control field med46000109
003 - CONTROL NUMBER IDENTIFIER
control field DLC
005 - DATE AND TIME OF LATEST TRANSACTION
control field 20260227111556.0
008 - FIXED-LENGTH DATA ELEMENTS--GENERAL INFORMATION
fixed length control field 840206s1945 fr a 000 0 fre c
010 ## - LIBRARY OF CONGRESS CONTROL NUMBER
LC control number med46000109
035 ## - SYSTEM CONTROL NUMBER
System control number (OCoLC)10377410
040 ## - CATALOGING SOURCE
Original cataloging agency U.S. Army Medical Library
Transcribing agency VtU
Modifying agency VtU
-- OCoLC
-- DLC
042 ## - AUTHENTICATION CODE
Authentication code premarc
050 00 - LIBRARY OF CONGRESS CALL NUMBER
Classification number QP435
Item number .P5 1945
082 ## - DEWEY DECIMAL CLASSIFICATION NUMBER
Classification number 612.8
100 1# - MAIN ENTRY--PERSONAL NAME
Personal name Piéron, Henri,
Dates associated with a name 1881-1964.
245 10 - TITLE STATEMENT
Title Aux sources de la connaissance :
Remainder of title La sensation; guide de vie /
Statement of responsibility, etc. Henri Piéron.
250 ## - EDITION STATEMENT
Edition statement 2. éd.
260 ## - PUBLICATION, DISTRIBUTION, ETC.
Place of publication, distribution, etc. Paris :
Name of publisher, distributor, etc. Gallimard,
Date of publication, distribution, etc. c1945.
300 ## - PHYSICAL DESCRIPTION
Extent 420 p. :
Other physical details ill. ;
Dimensions 23 cm.
490 0# - SERIES STATEMENT
Series statement L'Avenir de la science. Nouvelle sér. ;
Volume/sequential designation no. 3
650 #0 - SUBJECT ADDED ENTRY--TOPICAL TERM
Topical term or geographic name entry element Senses and sensation.

No items available.

Powered by Koha